1706 1467 1320 1774 1667 1898 1168 1929 1151 1872 1570 1492 1828 1828 1318 1673 1841 1480 1859 1772 1697 1998 1091 1298 1864 1498 1121 1233 1160 1011 1451 1502 1825 1452 1236 1207 1893 1798 1131 1226 1266 1429 1715 1337 1724 1354 1032 1466 1839 1539 1141 1007 1953 1017 1902 1079 1970 1555 1170 1561 1240 1069 1772 1130 1453 1685 1416 1629 1498 1453 1892 1567 1041 1546 1014 1107 1022 1528 1712 1404 1327 1760 1782 1112 1036 1679 1098 1789 1367 1353 1442 1636 1636 1258 1822 1512 1751 1892 1662 BCNSPRNW ULIB Ver.6.0+V

เปลี่ยนเป็นภาษาไทย

Change to English
 แสดงรายละเอียดบรรณานุกรม
  กลับหน้าหลัก

Brief Record : Get Marc (ISO 2709) : E-mail record : QR code < ปิดหน้าต่าง
LEADER : 00000nam 2200000uu 4500
001    13399113613
003     ULIB
008    111201s2551||||th 000 0 tha d
020    ^a9789740674641
090    ^aนว.^bณ410ก 2551
100 0  ^aณารา
245 00 ^aกาลเวลา สงคราม ความรัก 3 ตอน ทายาทแห่งมาซิดอน/^cณารา
250    ^aพิมพ์ครั้งที่ 1
260    ^aกรุงเทพฯ :^bพิมพ์คำ,^c2551
300    ^a552 หน้า
710 1  ^aพิมพ์คำ
945    ^p300^l0^i16169
995    ^aกัณชพร
999    ^aใช้งานได้ทุกระบบ
รายการนี้ยังไม่มีแท็ก
คุณยังไม่ได้ล็อกอิน คุณสามารถมีกิจกรรมร่วมกับเว็บไซต์ได้ แต่ต้องล็อกอินก่อน ::
  ล็อกอิน

รายการสื่อสารสนเทศ

ลำดับที่ ประเภท เลขเรียก/บาร์โค้ด สถานที่ สถานะ
1. นวนิยาย
นวนิยาย
นว. ณ410ก 2551 ฉ.1 
  Barcode: 16169
ห้องสมุดวิทยาเขตสวรรค์ประชารักษ์
►นวนิยาย
บนชั้น
  ขอยืม

รายการใกล้เคียง
    ผู้แต่ง [ณารา]

BibComment


ยังไม่เคยถูกคอมเมนท์

คอมเมนท์ทรัพยากรรายการนี้
  คอมเมนท์: กาลเวลา สงคราม ค..


 Copyright 2026. Bcnsprnw @Library